Discurso sobre el espíritu positivo.
Salvato in:
| Autore principale: | |
|---|---|
| Altri autori: | |
| Natura: | Libro |
| Lingua: | spagnolo |
| Pubblicazione: |
Madrid, España:
Alianza Editorial,
1980.
|
| Serie: | Clásicos,
|
| Soggetti: | |
| Tags: |
Aggiungi Tag
Nessun Tag, puoi essere il primo ad aggiungerne!!
|
MARC
| LEADER | 00000nam a2200000 a 4500 | ||
|---|---|---|---|
| 001 | UCX9638 | ||
| 003 | CL-VaPUC | ||
| 005 | 20220822114324.0 | ||
| 008 | 940617e19800000SP |||||||||||||||||spa|d | ||
| 999 | |c 228819 |d 228817 | ||
| 020 | |a 84-206-1803-9 | ||
| 040 | |c Pontificia Universidad Católica de Valparaíso | ||
| 082 | 0 | 4 | |a 146.4 COM 1980 |b |2 21 |
| 100 | |a Comte, Augusto |e autor |9 581395 | ||
| 245 | 1 | 0 | |a Discurso sobre el espíritu positivo. |
| 260 | |a Madrid, España: |b Alianza Editorial, |c 1980. | ||
| 300 | |a 136 páginas. | ||
| 490 | |a Clásicos, |n 803. | ||
| 500 | |a c.1 Donación Familia Prof. Alejandro Guzmán Brito. | ||
| 583 | |a last modification |c 19940617 00:00:00 |k Rodrigo Vera | ||
| 650 | 0 | |a Positivismo |9 269460 | |
| 700 | |a Marías, Julián |e versión y prólogo |9 872494 | ||
| 942 | |c BK |2 ddc |n 0 | ||
| 952 | |0 0 |1 0 |4 0 |6 146_400000000000000_COM_1980 |7 0 |8 A |9 229262 |a BIBGIM |b BIBGIM |d 2019-11-15 |i 2986833 |o 146.4 COM 1980 |p 2986833 |r 2025-01-15 |w 2019-11-15 |y BK |k SSL | ||
| 952 | |0 0 |1 0 |4 0 |6 146_400000000000000_COM_1980 |7 0 |8 A |9 229263 |a BIBEDU |b BIBEDU |d 2019-11-15 |i 3414752 |o 146.4 COM 1980 |p 3414752 |r 2019-11-15 |w 2019-11-15 |y BK |k BME | ||
| 952 | |0 0 |1 0 |4 0 |6 146_400000000000000_COM_1980 |7 0 |8 A |9 229264 |a BIBEDU |b BIBEDU |d 2019-11-15 |i 289534K |o 146.4 COM 1980 |p 289534K |r 2019-11-15 |w 2019-11-15 |y BK |k LIT | ||
| 952 | |0 0 |1 0 |2 ddc |4 0 |6 146_400000000000000_COM_1980 |7 1 |8 C_AGB |9 584578 |a BIBDER |b BIBDER |d 2022-07-08 |e Donación |i 5652709 |o 146.4 COM 1980 |p 5652709 |r 2023-01-25 |t 4 |w 2022-07-08 |y BK_US |k AGB | ||